Research Anthology on Social Media Advertising and Building Consumer Relationships / (Record no. 52469)

MARC details
000 -LEADER
fixed length control field 00840nam a22002297a 4500
003 - CONTROL NUMBER IDENTIFIER
control field OSt
008 - FIXED-LENGTH DATA ELEMENTS--GENERAL INFORMATION
fixed length control field 260629b |||||||| |||| 00| 0 eng d
020 ## - INTERNATIONAL STANDARD BOOK NUMBER
International Standard Book Number 9781668467091
082 ## - DEWEY DECIMAL CLASSIFICATION NUMBER
Classification number 659.144
Item number I43R
100 ## - MAIN ENTRY--PERSONAL NAME
Personal name IRMA
245 ## - TITLE STATEMENT
Title Research Anthology on Social Media Advertising and Building Consumer Relationships /
Statement of responsibility, etc. by Information Resources Management Association
260 ## - PUBLICATION, DISTRIBUTION, ETC. (IMPRINT)
Place of publication, distribution, etc .- USA
Name of publisher, distributor, etc : IGI Global
Date of publication, distribution, etc , 2022
300 ## - PHYSICAL DESCRIPTION
Extent vol.- I, (xxvii,494); vol.- II, (xxvii,495-986); vol.- III, (xxvii,987-1500); vol.- IV, (xxvii,1501-2012)p.
365 ## - TRADE PRICE
Price note 4vol. set price- 182549.00
650 ## - SUBJECT ADDED ENTRY--TOPICAL TERM
Topical term or geographic name as entry element Technology (Applied Sciences)
650 ## - SUBJECT ADDED ENTRY--TOPICAL TERM
Topical term or geographic name as entry element Management and Auxiliary Services
650 ## - SUBJECT ADDED ENTRY--TOPICAL TERM
Topical term or geographic name as entry element Internet Advertising
650 ## - SUBJECT ADDED ENTRY--TOPICAL TERM
Topical term or geographic name as entry element Internet Marketing
650 ## - SUBJECT ADDED ENTRY--TOPICAL TERM
Topical term or geographic name as entry element Social Media Advertising
650 ## - SUBJECT ADDED ENTRY--TOPICAL TERM
Topical term or geographic name as entry element Consumer Relationships
942 ## - ADDED ENTRY ELEMENTS (KOHA)
Source of classification or shelving scheme
Koha item type Books
Holdings
Withdrawn status Lost status Source of classification or shelving scheme Damaged status Not for loan Home library Current library Date acquired Source of acquisition Cost, normal purchase price Full call number Barcode Date last seen Bill Date Koha item type Public note Bill Number
          Dr. Rajendra Prasad Central Agricultural University Pusa, Dr. Rajendra Prasad Central Agricultural University Pusa, 29/06/2026 TTPP, New Delhi 45637.25 659.144 I43R 87673 29/06/2026 29/01/2026 Books Volume- IV IN-00449
          Dr. Rajendra Prasad Central Agricultural University Pusa, Dr. Rajendra Prasad Central Agricultural University Pusa, 29/06/2026 TTPP, New Delhi 45637.25 659.144 I43R 87674 29/06/2026 29/01/2026 Books Volume- Ill IN-00449
          Dr. Rajendra Prasad Central Agricultural University Pusa, Dr. Rajendra Prasad Central Agricultural University Pusa, 29/06/2026 TTPP, New Delhi 45637.25 659.144 I43R 87675 29/06/2026 29/01/2026 Books Volume- I IN-00449
          Dr. Rajendra Prasad Central Agricultural University Pusa, Dr. Rajendra Prasad Central Agricultural University Pusa, 29/06/2026 TTPP, New Delhi 45637.25 659.144 I43R 87676 29/06/2026 29/01/2026 Books Volume- Il IN-00449
Hosted, Implemented, Customized & Maintained by: BestBookBuddies

Powered by Koha